00976nac a22002411i 4500003000900000005001700009008004100026040004300067082001900110100004400129245010600173264007200279300004600351336002600397337002800423338002700451504005200478650003000530655001700560942001200577999001500589952013000604EG-ScBUE20240923111136.0240923s1965 maua f b 001 0 eng d aEG-ScBUEbengerdacEG-ScBUEdEG-ScBUE04a512.8bWHI2221 aWhitesitt, J. Eldon, eauthor.10aPrinciples of modern algebra /cJ. Eldon Whitesitt, Department of Mathematics, Montana State College. 1aReading, Massachusetts :bAddison-Wesley Publishing Company,c1965. aviii, 262 pages :billustrations ;c20 cm 2rdacontentatextbtxt aunmediated2rdamediabn avolumebnc2rdacarrier aIncludes bibliographical references and index.  7aAlgebra, Abstract.2BUEsh vReading book cBB2ddc c1792d1792 00102ddc40708AlahramaMAINbMAINc1STd2014-12-06ePurchasel0o512.8 WHIp000002525r2025-07-15 00:00:00w2006-12-14yBB